000 00368nam a2200157Ia 4500
001 9550
003 IN-NITTTR
005 20251114233048.0
008 251113s9999||||xx |||||||||||||| ||eng||
040 _beng
040 _cIN-NITTTR
041 _aeng
082 _a671 C547O
245 0 _aObjective and completion tests in C.S.E. metalwork theory /
942 _2ddc
_cBK
999 _c12187
_d12187